| 000 | 00780nam a2200205 a 4500 | ||
|---|---|---|---|
| 001 | 000043850 | ||
| 005 | 20201002045015.0 | ||
| 008 | 140507s1960 sp 000 0 spa d | ||
| 040 |
_aDO-SdBNP _bspa _cBNPHU |
||
| 245 | 0 | 0 |
_aCuatro Poetas de Hoy : _bJosé Luis Hidalgo, Gabriel Celaya, Blas de Otero, José Hierro / _cselección y notas por María de Gracía Ifach. |
| 260 |
_aMadrid : _bTaurus, _c1960. |
||
| 300 |
_a251 p. ; _c19 cm. |
||
| 490 | 1 |
_aSer y tiempo _atemas de España, _v11 |
|
| 700 | 1 | 2 |
_aIfach, María de Gracia, _eed. _971713 |
| 700 | 1 | 2 |
_aHidalgo, José Luis, _d1919-1947. _971714 |
| 700 | 1 | 2 |
_aCelaya, Gabriel, _d1911-1991. _924708 |
| 700 | 1 | 2 |
_aOtero, Blas de. _971715 |
| 700 | 1 | 2 |
_aHierro, José _d1922- _915079 |
| 830 | 0 |
_aSer y tiempo _ptemas de España, _v11 _938046 |
|
| 999 |
_c43339 _d43339 |
||